000 00614nam a2200193u 4500
999 _c128424
_d128424
001 10418632
003 ARRUPE
005 20181023101344.0
008 840926s1970 xx f 000 0 ita
010 _a 74331172
040 _aDLC
_cCarP
_dDLC
050 0 0 _aDT961.985
_bA848
100 1 _aAssociazione femminile medico-missionaria
_943064
245 1 4 _aUna vita per gli altri.
_cAssociazione femminile medico-missionaria
260 _aMilano,
_bSan Paolo,
_c2004
300 _a120 p.
_c21 cm.
440 _aTestimoni del nostro tempo
_n41
_943065
600 _aGuidotti, Luisa
_943066
906 _a0
_bcbc
_cpremunv
_du
_encip
_f19
_gy-gencatlg
942 _2lcc
_cMONOGRAPH